Пушкинский дом: роман

Bibliografiske detaljer
Hovedforfatter: Битов А. Г. Андрей Георгиевич
Andre forfattere: Антонов А. Г. (иллюстратор)
Summary:Исключено из фонда НТБ ТПУ
Sprog:russisk
Udgivet: Москва, Известия, 1990
Format: MixedMaterials Bog
KOHA link:https://koha.lib.tpu.ru/cgi-bin/koha/opac-detail.pl?biblionumber=82466

MARC

LEADER 00000nam0a2200000 4500
001 82466
005 20231031095727.0
010 |a 5206000728 
020 |a RU  |b 90-64390 
035 |a (RuTPU)RU\TPU\book\88614 
090 |a 82466 
100 |a 20051004d1990 m y0rusy5003 ca 
101 0 |a rus 
102 |a RU 
105 |a a z 000ay 
200 1 |a Пушкинский дом  |e роман  |f А. Битов  |g [Худож. А. Антонов] 
210 |a Москва  |c Известия  |d 1990 
215 |a 412,[1] с.  |c ил. 
333 |a Исключено из фонда НТБ ТПУ 
700 1 |a Битов  |b А. Г.  |g Андрей Георгиевич 
702 1 |a Антонов  |b А. Г.  |4 440 
801 0 |a RU  |b RuMRKP  |c 19950417  |g psbo 
801 1 |a RU  |b 63413507  |c 20051004  |g PSBO 
801 2 |a RU  |b 63413507  |c 20220614  |g PSBO 
942 |c BK